[Event "Budapest FS10 GM"]
[Site "Budapest"]
[Date "1994.??.??"]
[Round "6"]
[White "Horvath, Jozsef"]
[Black "Sulskis, Sarunas"]
[Result "1/2-1/2"]
[WhiteElo "2520"]
[BlackElo "2455"]

1.d4 d5 2.c4 e6 3.Nf3 Nf6 4.g3 Be7 5.Bg2 O-O 6.O-O dxc4 7.Qc2 a6 8.Qxc4 b5
9.Qc2 Bb7 10.Bf4 Nc6 11.Nc3 Nb4 12.Qb1 c5 13.dxc5 Bxc5 14.Ng5 Bxg2 15.Kxg2 h6
16.Nge4 Nbd5 17.Be5 Be7 18.Nxf6+ Bxf6 19.Bxf6  1/2-1/2

[Event "Budapest FS04 GM"]
[Site "Budapest"]
[Date "1994.??.??"]
[Round "6"]
[White "Horvath, Csaba"]
[Black "Lengyel, Bela"]
[Result "1-0"]
[WhiteElo "2535"]
[BlackElo "2345"]

1.d4 d5 2.c4 e6 3.Nf3 Nf6 4.g3 Be7 5.Bg2 O-O 6.O-O dxc4 7.Qc2 a6 8.a4 Nbd7
9.Nbd2 c5 10.Nxc4 cxd4 11.Rd1 Nd5 12.Nxd4 Qc7 13.Bd2 Ne5 14.Nxe5 Qxe5 15.Nf3 Qh5
16.Qb3 Bd7 17.g4 Qxg4 18.Ne5 Bxa4 19.Rxa4 Qxe2 20.Nd7 Rfd8 21.Bf3 Qb5 22.Qxb5 axb5
23.Rxa8 Rxa8 24.Bxd5 exd5 25.Nb6  1-0

[Event "Budapest FS11 IM-B"]
[Site "Budapest"]
[Date "1994.??.??"]
[Round "6"]
[White "Peredy, Ferenc"]
[Black "Szollosi, Laszlo Jr"]
[Result "1/2-1/2"]
[WhiteElo "2210"]
[BlackElo "2310"]

1.d4 Nf6 2.c4 e6 3.Nf3 d5 4.g3 Be7 5.Bg2 O-O 6.O-O dxc4 7.Ne5 Nc6 8.Nxc6 bxc6
9.Nc3 Rb8 10.Bxc6 Rb6  1/2-1/2

[Event "Budapest Spring op"]
[Site "Budapest"]
[Date "1994.??.??"]
[Round "7"]
[White "Mochalov, Evgeny V"]
[Black "Brumen, Dinko"]
[Result "1/2-1/2"]
[WhiteElo "2450"]
[BlackElo "2315"]

1.d4 Nf6 2.c4 e6 3.g3 d5 4.Nf3 Be7 5.Bg2 O-O 6.O-O dxc4 7.Nc3 Nc6 8.e3 Rb8
9.Qa4 Nb4 10.Qxa7 Bd7 11.Ne5 Nfd5 12.Qxb8 Qxb8 13.Nxd7 Qa7 14.Nxf8 Bxf8 15.Nxd5 exd5
16.Bd2 c6 17.a3 Nd3 18.Bc3 b5 19.Rfd1 h5 20.Bf1 Qd7 21.Bxd3 cxd3 22.Rxd3 Qf5
23.Rad1 h4 24.gxh4 Bd6 25.Be1 Qf3 26.Kf1 f5 27.Rc1 Bxh2 28.Rxc6 f4 29.Rdc3 Qh3+
30.Ke2 Qg4+ 31.Kd2 fxe3+ 32.fxe3 Qg2+ 33.Kd1 Qxb2 34.Bd2 Qb1+ 35.Bc1 b4 36.Rb6 Bd6
37.Rc8+ Kh7 38.Rxd6 bxa3 39.Ra8 Qb3+ 40.Ke2 Qc4+ 41.Kd1 Qb3+ 42.Ke2 Qc4+
43.Kf2 Qc2+ 44.Kf3 Qxc1 45.Rda6 Qh1+ 46.Kg3 Qe1+ 47.Kf4 Qf2+ 48.Ke5 Qxe3+
49.Kxd5 Qb3+ 50.Ke4 Qc2+ 51.Ke5 Qc7+ 52.Ke6 Qc4+ 53.d5 Qe4+ 54.Kd6 Qf4+ 55.Kd7 Qg4+
56.Kd6 Qf4+ 57.Kc5 Qc1+ 58.Kb5 Qf1+ 59.Kc5 Qc1+ 60.Kb6 Qf4 61.Kc6 Qc4+ 62.Kd6 Qf4+  1/2-1/2

[Event "Budapest FS11 IM-B"]
[Site "Budapest"]
[Date "1994.??.??"]
[Round "8"]
[White "Peredy, Ferenc"]
[Black "Lengyel, Bela"]
[Result "1/2-1/2"]
[WhiteElo "2210"]
[BlackElo "2320"]

1.d4 d5 2.c4 e6 3.Nf3 Nf6 4.g3 Be7 5.Bg2 O-O 6.O-O dxc4 7.Qc2 a6 8.a4 Nbd7
9.Nbd2 c5 10.Nxc4 cxd4 11.Rd1 Bc5 12.Nxd4 Qc7 13.b3 Re8 14.a5 e5 15.Nf5 Ng4
16.e3 Nf8 17.h3 Nf6 18.Bb2 Ng6 19.Rac1 Bb4 20.Nfd6 Rd8 21.Nb6 Qxc2 22.Rxc2 Be6
23.Nxa8 Bxb3 24.Rdc1 Bxc2 25.Rxc2 Bxd6 26.Bxb7 Rb8 27.Rc8+ Rxc8 28.Bxc8 Bb4
29.Nb6 Bxa5 30.Nc4 Bc7 31.Bxa6  1/2-1/2

[Event "Budapest Honved"]
[Site "Budapest"]
[Date "1994.??.??"]
[Round "8"]
[White "Bezold, Michael"]
[Black "Beck, Hartmuth"]
[Result "1/2-1/2"]
[WhiteElo "2475"]
[BlackElo "2285"]

1.d4 d5 2.Nf3 Nf6 3.c4 e6 4.g3 Be7 5.Bg2 O-O 6.O-O dxc4 7.Qc2 a6 8.a4 Bd7
9.Qxc4 Bc6 10.Bg5 Nbd7 11.Nc3 Re8 12.Rfd1 h6 13.Bxf6 Nxf6 14.Rac1 Qb8 15.b4 Bd5
16.Nxd5 exd5 17.Qxc7 Bxb4 18.e3 b5 19.axb5 axb5 20.Qc2 Bd6 21.Rb1 b4 22.Ne5 Qc8
23.Qd2 Ra3 24.Nd3 b3 25.Rdc1 Qa8 26.Nc5 Ra2 27.Rb2 Bxc5 28.dxc5 Qa3 29.Rxa2 bxa2
30.Ra1 Qxc5 31.Rxa2 Ne4 32.Ra5 Nxd2 33.Rxc5 d4 34.Rc2 dxe3 35.fxe3 Ne4 36.Bxe4  1/2-1/2

[Event "Budapest FS05 IM"]
[Site "Budapest"]
[Date "1994.??.??"]
[Round "9"]
[White "Piankov, Evgenij"]
[Black "Stillger, Bernhard"]
[Result "1/2-1/2"]
[WhiteElo "2440"]
[BlackElo "2195"]

1.d4 Nf6 2.Nf3 d5 3.c4 e6 4.g3 Be7 5.Bg2 O-O 6.O-O Nbd7 7.Qc2 c6 8.Rd1 b6
9.Ne5 Bb7 10.cxd5 cxd5 11.Nc6 Bxc6 12.Qxc6 Qc8 13.Qa4 a6 14.Qb3 b5 15.Nd2 Qc7
16.e4 dxe4 17.Nxe4 Nxe4 18.Bxe4 Rac8 19.Bf4 Bd6 20.Rac1 Qb8 21.Be3 Rxc1 22.Rxc1 Nf6
23.Bf3 Rc8 24.a4 Rxc1+ 25.Bxc1 bxa4 26.Qxa4 Qb6 27.Be3 Qxb2 28.Qxa6 Qb8 29.Kg2 Be7
30.Bf4 Qd8 31.Qa7 Nd5 32.Bd2 g6 33.h4 h5 34.Be4 Bf6 35.Kf3 Kg7 36.Qc5 Ne7
37.Bg5 Nd5 38.Bd2 Ne7 39.Ke3 Nd5+ 40.Kd3 Be7 41.Qb5 Qd6 42.Kc2 Nf6 43.Qd3 Nxe4
44.Qxe4 Bf6 45.Bc3 Qa6 46.Qe3 Qa2+ 47.Kd1 Qd5 48.Ke1 Qh1+ 49.Ke2 Qd5 50.Qd3 Kh7
51.Ke3 Kg8 52.Bb2 Kg7 53.Ke2 Qa2 54.Qc3 Qd5 55.Ke3 Kh7 56.Qd3 Kg7 57.Bc3 Kg8
58.Qb1 Kg7 59.Qb8 Qc4 60.Qb2 Qd5 61.Qa1 Qc4 62.f3 Qd5 63.Kf2 Qf5 64.Qd1 Qh3
65.Qe1 Qf5 66.Qe4 Qh3 67.Be1 Qh2+ 68.Kf1 Qa2 69.Bf2 Qd5 70.Be3 Qb5+ 71.Kg2 Qd5
72.Bf2 Kg8 73.Kg1 Kg7 74.Be3 Kg8 75.Kf2 Qa2+ 76.Ke1 Qa5+ 77.Ke2 Qa2+ 78.Bd2 Qc4+
79.Ke3 Qb3+ 80.Qd3 Qd5 81.Bc3 Qa2 82.Qd2 Qd5 83.Qb2 Qf5 84.Qb3 Qh3 85.Be1 Qf5
86.Qa2 Kg7 87.Bf2 Kh7 88.Qa7 Kg7 89.Qc5 Qb1 90.g4 Qb3+ 91.Ke2 Qa2+ 92.Kf1 Qb1+
93.Kg2 hxg4 94.fxg4 Qe4+ 95.Kg3 Qd3+ 96.Kf4 Qd2+ 97.Kf3 Qd3+ 98.Kg2 Qe4+  1/2-1/2

[Event "Budapest FS02 GM"]
[Site "Budapest"]
[Date "1994.??.??"]
[Round "10"]
[White "Gabriel, Christian"]
[Black "Wells, Peter K"]
[Result "1/2-1/2"]
[WhiteElo "2530"]
[BlackElo "2490"]

1.d4 d5 2.c4 e6 3.Nf3 Nf6 4.g3 Be7 5.Bg2 O-O 6.O-O dxc4 7.Qc2 a6 8.a4 Bd7
9.Qxc4 Bc6 10.Bg5 a5 11.Nc3 Nbd7 12.Qd3 Re8 13.Bxf6 Bxf6 14.e4 b6 15.Rfd1 e5
16.Qc4 Bb7 17.dxe5 Bxe5 18.Nxe5 Nxe5 19.Qb5 Qc8 20.f4 Ba6 21.Qb3 Nd3 22.Qc2 Nb4
23.Qf2 Qe6 24.Rd2 Rad8 25.Rad1 Qe7 26.e5 Bc4 27.Qe3  1/2-1/2

[Event "Elekes mem"]
[Site "Budapest"]
[Date "1994.??.??"]
[Round "11"]
[White "Hoelzl, Franz"]
[Black "Collas, Didier"]
[Result "1-0"]
[WhiteElo "2390"]
[BlackElo "2330"]

1.d4 d5 2.c4 e6 3.Nf3 Nf6 4.g3 Be7 5.Bg2 O-O 6.O-O b6 7.Nc3 Bb7 8.cxd5 Nxd5
9.Re1 Nd7 10.e4 Nxc3 11.bxc3 c5 12.Bf4 cxd4 13.cxd4 Nf6 14.Ne5 Bb4 15.Re3 Rc8
16.a3 Ba5 17.g4 Re8 18.g5 Nd7 19.Ng4 Nf8 20.h4 Re7 21.d5 exd5 22.exd5 Rxe3
23.Nxe3 Ng6 24.Bg3 Bc3 25.Rc1 Be5 26.Rxc8 Qxc8 27.Bxe5 Nxe5 28.Qd4 f6 29.f4 Qc1+
30.Kf2 Nd7 31.Bh3 Qc5 32.Be6+ Kh8 33.Qb4 a5 34.Qxc5 Nxc5 35.Nc4 fxg5 36.hxg5 g6
37.Nxb6 h5 38.Bh3 Kg7 39.Ke3 Ba6 40.d6 Kf7 41.Kd4 Nd3 42.Nd5 Ke8 43.Nc7+ Kd8
44.f5  1-0

[Event "Budapest FS02 IM-A"]
[Site "Budapest"]
[Date "1994.??.??"]
[Round "11"]
[White "Zimmerman, Yuri"]
[Black "Richter, M."]
[Result "1-0"]
[WhiteElo "2345"]
[BlackElo "2225"]

1.d4 Nf6 2.c4 e6 3.Nf3 d5 4.g3 Be7 5.Bg2 O-O 6.Qc2 b6 7.cxd5 exd5 8.O-O Bb7
9.Nc3 Nbd7 10.Bf4 Nh5 11.Rad1 Nxf4 12.gxf4 c6 13.Kh1 Bd6 14.e3 Re8 15.Bh3 Bc8
16.Rg1 Nf6 17.Bxc8 Qxc8 18.Rg3 Nh5 19.Rg2 g6 20.Rdg1 Ng7 21.Ne5 Bxe5 22.fxe5 Qe6
23.Ne2 Rac8 24.Nf4 Qd7 25.Qb3 Kf8 26.Qd1 Ke7 27.f3 Ne6 28.Ne2 Kd8 29.Qa4 Re7
30.Rd1 Ke8 31.Nc3 b5 32.Qa3 Qb7 33.b4 a5 34.Rb2 Ra8 35.bxa5 Qa6 36.Rc1 Rb7
37.Qb4 Qxa5 38.a4 Qxb4 39.Rxb4 Nc7 40.axb5 Nxb5 41.Na4 Rba7 42.Nb2 Ra1 43.Rxa1 Rxa1+
44.Kg2 Kd7 45.Nd3 Ra3 46.Nc5+ Ke7 47.e4 dxe4 48.fxe4 Ra2+ 49.Kg3 Rc2 50.Nb7 Ke6
51.Nd8+ Ke7 52.Nxc6+ Rxc6 53.Rxb5 Rc4 54.Rd5 Rc3+ 55.Kf4 Rd3 56.Rd6 h5 57.d5 Rh3
58.Ra6 Rxh2 59.Ra7+ Ke8 60.e6 fxe6 61.d6 h4 62.Ke5 Re2 63.Rh7 g5 64.d7+ Kd8
65.Kd6 Rd2+ 66.Kxe6 h3 67.Rh8+ Kc7 68.Rc8+ Kb7 69.d8=Q Rxd8 70.Rxd8 g4 71.Rh8  1-0

[Event "ARG-ch"]
[Site "Buenos Aires"]
[Date "1994.??.??"]
[Round "3"]
[White "Scarella, Enrique"]
[Black "Zarnicki, Pablo"]
[Result "1-0"]
[WhiteElo "2405"]
[BlackElo "2435"]

1.Nf3 Nf6 2.c4 e6 3.g3 d5 4.Bg2 Be7 5.d4 O-O 6.O-O dxc4 7.Ne5 Nc6 8.Nxc6 bxc6
9.e3 Nd5 10.Qa4 Nb6 11.Qc2 Qd7 12.Nd2 Ba6 13.Rd1 Rad8 14.b3 c5 15.Nxc4 Bxc4
16.bxc4 Qa4 17.Qxa4 Nxa4 18.Ba3 Bd6 19.Rac1 cxd4 20.Bxd6 cxd6 21.exd4 Rc8
22.Rd3 Rc7 23.Ra3 Nb6 24.c5 Rfc8 25.Rb1 dxc5 26.dxc5 Nd7 27.Rb7 Rxb7 28.Bxb7 Rxc5
29.Rxa7 f5 30.a4 Rc1+ 31.Kg2 Nc5 32.Bc8 Ra1 33.Rc7 Nd3 34.Bxe6+ Kf8 35.Bxf5 Ne1+
36.Kf1 Nf3+ 37.Kg2 Ne1+ 38.Kh3 Rxa4 39.Bxh7 Ra2 40.Bg6  1-0

[Event "ESP-chT"]
[Site "Cala Galdana"]
[Date "1994.??.??"]
[Round "?"]
[White "Romero Holmes, Alfonso"]
[Black "Garcia, Nieves"]
[Result "1-0"]
[WhiteElo "2455"]
[BlackElo "2235"]

1.d4 d5 2.c4 e6 3.Nf3 Nf6 4.g3 Be7 5.Bg2 O-O 6.O-O dxc4 7.Na3 Bxa3 8.bxa3 Bd7
9.Ne5 Bc6 10.Nxc6 Nxc6 11.Bb2 Nd5 12.Rc1 Nb6 13.e3 Rb8 14.Qc2 Qd7 15.Rfd1 Ne7
16.Ba1 Rfd8 17.h4 a6 18.Rb1 Ned5 19.e4 Nf6 20.d5 Qe7 21.d6 Rxd6 22.Rxd6 cxd6
23.Rxb6 Qc7 24.Rb1 b5 25.Bc3 Ne8 26.a4 bxa4 27.Rxb8 Qxb8 28.Qxa4 Qb5 29.Qb4 h6
30.a4 Qc6 31.Bf1 d5 32.exd5 exd5 33.Bh3 Nd6 34.Qb8+ Kh7 35.Qf8 f6 36.Bb4 Ne8
37.Bf5+ g6  1-0

[Event "ESP-chT"]
[Site "Cala Galdana"]
[Date "1994.??.??"]
[Round "5"]
[White "Cuevas Rodriguez, Ma Luisa"]
[Black "Blazquez Gomez, Juan Carlos"]
[Result "0-1"]
[WhiteElo "2245"]
[BlackElo "2285"]

1.d4 Nf6 2.c4 d5 3.Nf3 e6 4.g3 Be7 5.Bg2 O-O 6.O-O c6 7.Nbd2 Nbd7 8.Qc2 b6
9.e4 Ba6 10.e5 Ne8 11.Rd1 dxc4 12.Nxc4 Nc7 13.Nd6 Bxd6 14.exd6 Nd5 15.Qxc6 Be2
16.Re1 Bxf3 17.Bxf3 N7f6 18.b3 Rc8 19.Qa4 a5 20.Bb2 Rc2 21.Re2 Nc3 22.Bxc3 Rxc3
23.Re3 Rc2 24.Re2 Rxe2 25.Bxe2 Qxd6 26.Rc1 Nd5 27.Bf3 Ne7 28.Qc4 Qa3 29.Rc2 h6
30.Qb5 Qd6 31.Rc4 Rd8 32.Kg2 Nf5 33.Rc6 Qxd4 34.Rc7 Qd2 35.Qxb6 Qg5 36.Ra7 Nh4+
37.Kf1 Nxf3  0-1

[Event "Calcutta op"]
[Site "Calcutta"]
[Date "1994.??.??"]
[Round "3"]
[White "Gokhale, Anupama"]
[Black "Murugan, Krishnamoorthy"]
[Result "1/2-1/2"]
[WhiteElo "2190"]
[BlackElo "2410"]

1.d4 Nf6 2.c4 e6 3.g3 d5 4.Bg2 Be7 5.Nf3 O-O 6.O-O c6 7.Qc2 b6 8.Nbd2 Bb7
9.Rd1 Nbd7 10.e4 Rc8 11.b3 Qc7 12.Bb2 Rfd8 13.Rac1 Nxe4 14.Nxe4 dxe4 15.Qxe4 c5
16.Qe2 Bf6 17.dxc5 Bxf3 18.Bxf3 bxc5 19.Bxf6 Nxf6 20.Rxd8+ Rxd8 21.Rd1 Rd6
22.Kf1 Kf8 23.a3 h6 24.h4 Ke7 25.Rxd6 Qxd6 26.Qe3 Nd7 27.Ke2 a5 28.Qc3 Qe5+
29.Qxe5 Nxe5 30.Be4 g5 31.hxg5 hxg5 32.f4 gxf4 33.gxf4 Ng4 34.Bf3 Nh6 35.Kd3 Nf5
36.Be4 Nh4 37.b4 cxb4 38.axb4 axb4 39.c5 f5 40.Bc6 Ng6 41.Kc4 Nxf4 42.Kxb4 e5
43.Kc4 Ne6 44.Bb7 Kd7 45.Bf3 Nc7 46.Bh1 Kd8 47.Bf3  1/2-1/2

[Event "Calcutta op"]
[Site "Calcutta"]
[Date "1994.??.??"]
[Round "5"]
[White "Rahman, Ziaur"]
[Black "Ramesh, RB."]
[Result "1-0"]
[WhiteElo "2435"]
[BlackElo "2265"]

1.c4 Nf6 2.d4 e6 3.g3 d5 4.Bg2 Be7 5.Nf3 O-O 6.O-O c6 7.Qc2 b6 8.b3 Nbd7
9.Rd1 Bb7 10.Nc3 Rc8 11.e4 dxe4 12.Ng5 h6 13.Ngxe4 Nxe4 14.Nxe4 Nf6 15.Bf4 Nxe4
16.Qxe4 Ba8 17.c5 Bb7 18.Rac1 Re8 19.h4 Bf8 20.Qe2 bxc5 21.dxc5 Qa5 22.b4 Ba6
23.Qb2 Qb5 24.a4 Qe2 25.Qxe2 Bxe2 26.Rd2 e5 27.Rxe2 exf4 28.Rxe8 Rxe8 29.Bxc6 Rb8
30.Bd7 Rb7 31.c6 Rc7 32.b5 Bb4 33.Rc4 Ba5 34.Rxf4 g6 35.Kf1 Kg7 36.Ke2 g5
37.hxg5 hxg5 38.Rf5 f6 39.Kd3 Kf7 40.Ke4 Kg6 41.g4 Kf7 42.Kd5 Ke7 43.f4 gxf4
44.Rxf4 Bb6 45.Re4+ Kf7 46.Kd6 Ba5 47.Re2 Kf8 48.Rb2  1-0

[Event "Cannes op"]
[Site "Cannes"]
[Date "1994.??.??"]
[Round "1"]
[White "Bernard, Christophe"]
[Black "Korneev, Oleg"]
[Result "1/2-1/2"]
[WhiteElo "2355"]
[BlackElo "2500"]

1.d4 d5 2.c4 e6 3.Nf3 Nf6 4.g3 Be7 5.Bg2 O-O 6.O-O dxc4 7.Ne5 Nc6 8.Bxc6 bxc6
9.Nxc6 Qe8 10.Nxe7+ Qxe7 11.Qa4 Qd6 12.Rd1 h5 13.Nc3 Nd5 14.e4 Nb6 15.Qa5 h4
16.Bf4 Qd7 17.Qc5 Na4 18.Nxa4 Qxa4 19.Rdc1 Ba6 20.b3 Qd7 21.bxc4 h3 22.Rab1 e5
23.Qxe5 Rfe8 24.Qd5 Qa4 25.Bxc7 Rac8 26.Qa5 Qd7 27.Qxa6 Rxc7 28.Qb5 Qe7 29.Re1 Rec8
30.c5 Rd8 31.Rbd1 Qf6 32.Qf1 Rxd4 33.Rxd4 Qxd4 34.Rd1 Qxe4 35.Qxh3 Qe7 36.Rb1 Qf8
37.c6 Rxc6 38.Qd7 Qc8 39.Qxc8+ Rxc8 40.Rb7 a5 41.Rb5 a4 42.Rb4 a3 43.Rb3 Ra8
44.Kf1 g5 45.Ke2 Kg7 46.h3 Ra6 47.Kd2 Rf6 48.f3 Rh6 49.Rxa3 Rxh3 50.g4 f5
51.Ra7+ Kf6 52.Ra6+ Ke7 53.Ra7+  1/2-1/2

[Event "Capablanca mem-A"]
[Site "?"]
[Date "1994.??.??"]
[Round "2"]
[White "Hoffman, Alejandro"]
[Black "Garcia, Gerardo"]
[Result "1-0"]
[WhiteElo "2540"]
[BlackElo "2090"]

1.d4 d5 2.c4 e6 3.Nf3 Nf6 4.g3 Be7 5.Bg2 O-O 6.O-O Nbd7 7.Qc2 c6 8.Bf4 Nh5
9.Bc1 Nhf6 10.b3 b6 11.Rd1 Ba6 12.Nbd2 Rc8 13.Bb2 c5 14.Rac1 cxd4 15.Nxd4 Re8
16.Qb1 Bc5 17.e3 Qe7 18.cxd5 Bxd4 19.Bxd4 Nxd5 20.Qb2 Nb4 21.Nc4 e5 22.Bc3 Bxc4
23.bxc4 Nc6 24.Qb5 Ncb8 25.Bb4 Nc5 26.Rd5 Nba6 27.Bxc5 Nxc5 28.Rcd1 g6 29.a4 h5
30.a5 bxa5 31.Qxa5 h4 32.Qc3 Na4 33.Qa1 Nb6 34.Ra5 Rc7 35.c5 Nc4 36.Ra4 Rxc5
37.Rxa7 Qe6 38.Rad7 hxg3 39.hxg3 Qg4 40.Qa7 Ra5 41.Qc7 Rf8 42.Rc1 Nxe3 43.Qxa5 Nxg2
44.Rd8 Nf4 45.Rxf8+ Kxf8 46.Qc5+ Ke8 47.Qxe5+ Ne6 48.Qd6 Nd4 49.Qb8+ Ke7
50.Rc7+ Kf6 51.Qh8+  1-0

[Event "Cappelle op"]
[Site "Cappelle la Grande"]
[Date "1994.??.??"]
[Round "4"]
[White "Sagall, Roy"]
[Black "Dobrovolsky, Ladislav"]
[Result "0-1"]
[WhiteElo "2155"]
[BlackElo "2400"]

1.Nf3 d5 2.d4 Nf6 3.c4 e6 4.g3 Be7 5.Bg2 O-O 6.O-O Nbd7 7.Nbd2 c6 8.Qc2 b6
9.e4 Bb7 10.e5 Ne8 11.b3 Rc8 12.Bb2 c5 13.Qd3 Qc7 14.Rac1 Qb8 15.Rfe1 Nc7
16.h4 h6 17.Qe2 Rfd8 18.Qe3 dxc4 19.Nxc4 Nd5 20.Qe2 Ba6 21.Nfd2 Nf8 22.Qe4 Rd7
23.Nf3 Bb7 24.Qe2 Rcd8 25.Red1 Qa8 26.dxc5 Bxc5 27.a3 Ng6 28.Qf1 Ndf4 29.Rxd7 Rxd7
30.Rd1 Bxf3 31.Rxd7 Bxg2 32.Qd1 Nd5 33.b4 Nf8  0-1

[Event "Cappelle op"]
[Site "Cappelle la Grande"]
[Date "1994.??.??"]
[Round "8"]
[White "Fominyh, Alexander"]
[Black "Danielian, Oganes"]
[Result "1/2-1/2"]
[WhiteElo "2515"]
[BlackElo "2445"]

1.d4 e6 2.Nf3 Nf6 3.c4 d5 4.g3 Be7 5.Bg2 O-O 6.O-O dxc4 7.Qc2 a6 8.a4 Bd7
9.Ne5 Bc6 10.Nxc6 Nxc6 11.e3 Na5 12.Nd2 c5 13.dxc5 Rc8 14.b4 cxb3 15.Nxb3 Nxb3
16.Qxb3 Bxc5 17.Qxb7 a5 18.Qb5 Bb4 19.Bb2 Rc5 20.Qe2 Nd5 21.Rfd1 Qc8 22.Bd4 Nc3
23.Qg4 e5 24.Qxc8 Rcxc8 25.Bxc3 Bxc3 26.Rab1 Rfd8 27.Bh3 Rxd1+ 28.Rxd1 Re8
29.Rd7 g6 30.Bg2 Bb4 31.Bd5 Re7 32.Rd8+ Kg7 33.Rc8 e4 34.g4 Re5 35.Rd8 Be7
36.Rd7 Kf8 37.Bc6 Rg5 38.h3 Re5 39.Kg2 h5 40.Kg3 hxg4 41.hxg4 Re6 42.Bd5 Rd6
43.Rxd6 Bxd6+ 44.Kh4 f6 45.Bxe4 g5+ 46.Kh3 Ke7 47.Kg2  1/2-1/2

[Event "Ceske Budejovice op"]
[Site "Ceske Budejovice"]
[Date "1994.??.??"]
[Round "5"]
[White "Marsalek, Zdenek"]
[Black "Moehring, Guenther"]
[Result "1/2-1/2"]
[WhiteElo "2180"]
[BlackElo "2315"]

1.d4 Nf6 2.Nf3 d5 3.c4 e6 4.g3 Be7 5.Bg2 O-O 6.O-O c6 7.Qc2 b6 8.Nc3 Ba6
9.cxd5 cxd5 10.Bf4 Nc6 11.Qa4 Bb7 12.a3 a6 13.b4 b5 14.Qb3 Qb6 15.Rfd1 Ne4
16.Nxe4 dxe4 17.Ne5 Nxe5 18.dxe5 Bd5 19.Qb1 f5 20.exf6 Bxf6 21.Be3 Qd8 22.Bc5 Bxa1
23.Bxf8 Qxf8 24.Qxa1 a5 25.Qd4 axb4 26.axb4 Ra4 27.Rb1 Qa8 28.Rc1 Bc4 29.Bxe4 Qf8
30.Bd3 Rxb4 31.Bxc4 Rxc4 32.Rxc4 bxc4 33.Qxc4 Qd6 34.Kg2 h6 35.Qe4 Kh8 36.h4 Kg8
37.g4 Kf7 38.e3 Qc5 39.Qf4+ Ke8 40.g5 hxg5 41.hxg5 Qd5+ 42.e4 Qd4 43.Kg3 Qd1
44.Kg2 Qd4 45.Kh2 Ke7 46.Kg3 Qd1 47.Kh4 Qh1+ 48.Kg4 g6 49.Qf6+ Kd7 50.Qf7+ Kd6
51.Qf8+ Kd7 52.Qf7+ Kd6 53.Qf4+ Kd7 54.Qe3 Qd1+ 55.Kf4 Qd6+ 56.e5 Qf8+ 57.Kg3 Qf5
58.Qf4 Qxf4+ 59.Kxf4 Kc6 60.Ke4  1/2-1/2

[Event "Ceske Budejovice op"]
[Site "Ceske Budejovice"]
[Date "1994.??.??"]
[Round "6"]
[White "Marsalek, Zdenek"]
[Black "Jirovsky, Pavel"]
[Result "1/2-1/2"]
[WhiteElo "2180"]
[BlackElo "2335"]

1.d4 Nf6 2.Nf3 e6 3.g3 d5 4.Bg2 Be7 5.c4 O-O 6.O-O Nbd7 7.Qc2 c6 8.Rd1 b6
9.Bf4 Bb7 10.Nbd2 Nh5 11.cxd5 Nxf4 12.gxf4 cxd5 13.Kh1 Rc8 14.Qd3 Qc7 15.e3 Qc2
16.Qxc2 Rxc2 17.Rab1 Ba6 18.Ne1 Rc7 19.Bf1 Bxf1 20.Nxf1 Rfc8 21.Kg2 Kf8 22.Nd3  1/2-1/2

[Event "CZE-ch"]
[Site "?"]
[Date "1994.??.??"]
[Round "3"]
[White "Beil, Zdenek"]
[Black "Chytilek, Roman"]
[Result "1/2-1/2"]
[WhiteElo "2355"]
[BlackElo "2300"]

1.d4 d5 2.Nf3 Nf6 3.c4 e6 4.g3 Be7 5.Bg2 O-O 6.O-O dxc4 7.Ne5 Nc6 8.Nxc6 bxc6
9.Qa4 Rb8 10.Qxc6 Rb4  1/2-1/2

[Event "CZE-ch"]
[Site "?"]
[Date "1994.??.??"]
[Round "7"]
[White "Beil, Zdenek"]
[Black "Jurek, Josef"]
[Result "1/2-1/2"]
[WhiteElo "2355"]
[BlackElo "2280"]

1.d4 Nf6 2.c4 e6 3.g3 d5 4.Nf3 Be7 5.Bg2 O-O 6.O-O c6 7.Qc2 Nbd7 8.b3 b6
9.Rd1 Ba6 10.Nbd2 Rc8 11.e4 h6 12.Bb2 Qc7 13.Rac1 Qb8 14.e5 Ne8 15.Nf1 Nc7
16.Ne3 Bb7 17.Ne1 Rfd8 18.Qe2 c5 19.Qh5 Nf8 20.cxd5 Nxd5  1/2-1/2

[Event "CZE-chT"]
[Site "?"]
[Date "1994.??.??"]
[Round "?"]
[White "Chloupek, Stanislav"]
[Black "Slezka, Vojtech"]
[Result "1/2-1/2"]
[WhiteElo "2310"]
[BlackElo "2380"]

1.d4 d5 2.Nf3 Nf6 3.c4 e6 4.g3 Be7 5.Bg2 O-O 6.O-O dxc4 7.Qc2 a6 8.a4 Bd7
9.Qxc4 Bc6 10.Bg5 Bd5 11.Qd3 c5 12.Nc3 Bc6 13.e4 cxd4 14.Qxd4 h6 15.Bf4 Nbd7
16.b4 b6 17.Rfd1 a5 18.Bd6 Bxd6 19.Qxd6 axb4 20.Qxb4 Qc7 21.Nd4 Bb7 22.Ndb5 Qc5
23.Qxc5 Nxc5 24.Rd6 Nfxe4 25.Rxb6 Nxc3 26.Nxc3 Bxg2 27.Kxg2 Ra5 28.Rb5 Rfa8
29.Rxa5 Rxa5 30.Rb1 Ra6 31.Rb8+ Kh7 32.Rb4 e5 33.f4 exf4 34.Rxf4 f6 35.Rc4 Ra5
36.Rb4 Ra6 37.Rc4 Ra5 38.Kf3 g5 39.Ke3 Kg6 40.Rb4 Nd7  1/2-1/2

[Event "CZE-chT"]
[Site "?"]
[Date "1994.??.??"]
[Round "?"]
[White "Haba, Petr"]
[Black "Krcmar, Zdenek"]
[Result "1-0"]
[WhiteElo "2475"]
[BlackElo "2255"]

1.d4 Nf6 2.c4 e6 3.g3 d5 4.Bg2 Be7 5.Nf3 b6 6.O-O O-O 7.Nc3 Bb7 8.cxd5 exd5
9.Bf4 Na6 10.Rc1 c5 11.Ne5 Ne4 12.dxc5 Naxc5 13.Nb5 Bg5 14.Bxg5 Qxg5 15.Nf3 Qe7
16.Nbd4 a5 17.Bh3 a4 18.Nf5 Qf6 19.Qd4 Ba6 20.Qxf6 Nxf6 21.N3d4 Bc4 22.a3 b5
23.Rfd1 Ra6 24.Bg2 Re8 25.Ne3 Nfe4 26.Bxe4 Nxe4 27.Nxc4 bxc4 28.Nb5 Rf6 29.Nc7 Rb8
30.f3 Ng5 31.Rxd5 h6 32.h4 Rc6 33.Rb5 Rxb5 34.Nxb5 Ne6 35.Nc3 Nc5 36.Nd5 Nb3
37.Rc3 Kf8 38.Kf2 Na5 39.e4 Ke8 40.h5 Kd7 41.Rc2 Nb3 42.Rxc4 Rxc4 43.Nb6+ Kc6
44.Nxc4 Kc5 45.Ne3 Nc1 46.g4 Nd3+ 47.Ke2 Nxb2 48.Kd2 Nc4+ 49.Nxc4 Kxc4 50.Kc2 Kd4
51.Kd2 Kc4 52.Ke3 Kb3 53.Kd3 Kxa3 54.Kc3 Ka2 55.Kc2 Ka3 56.e5 Kb4 57.f4 Kc4
58.f5 Kd5 59.g5 hxg5 60.f6 gxf6 61.h6 fxe5 62.h7 f5 63.h8=Q Ke4 64.Kd2 g4
65.Ke2 f4 66.Qh7+  1-0

[Event "CZE-chT"]
[Site "?"]
[Date "1994.??.??"]
[Round "?"]
[White "Beil, Zdenek"]
[Black "Krcmar, Zdenek"]
[Result "1/2-1/2"]
[WhiteElo "2355"]
[BlackElo "2255"]

1.d4 Nf6 2.c4 e6 3.g3 d5 4.Nf3 Be7 5.Bg2 O-O 6.O-O b6 7.Nc3 Bb7 8.Ne5 Na6
9.b3 c5 10.cxd5 Nxd5 11.Nxd5 exd5 12.Bb2 Re8 13.Qd2 Bf6 14.Nd3 Qe7 15.dxc5 Bxb2
16.Qxb2 bxc5 17.Rfd1 d4 18.Bxb7 Qxb7 19.Rac1 Rac8 20.Qd2 Re7 21.h4 h6 22.Rc4 Rce8
23.Nf4 Re5 24.Rdc1 Qb6 25.Re1 Nb4 26.Nd3 Nxd3 27.Qxd3 Qe6 28.Rc2 Qh3 29.Qf3 Qe6  1/2-1/2

[Event "CZE-chT"]
[Site "?"]
[Date "1994.??.??"]
[Round "?"]
[White "Spacek, Petr"]
[Black "Jirovsky, Pavel"]
[Result "1/2-1/2"]
[WhiteElo "2395"]
[BlackElo "2335"]

1.d4 d5 2.c4 e6 3.Nf3 Nf6 4.g3 Be7 5.Bg2 O-O 6.O-O Nbd7 7.Qc2 c6 8.Nbd2 b6
9.e4 Bb7 10.e5 Ne8 11.b3 Rc8 12.Bb2 Nc7 13.Rac1 c5 14.dxc5 Bxc5 15.Qb1 Qe7
16.Rfe1 Rfd8 17.Nd4 Nf8 18.Rcd1 Rd7 19.Nc2 Rcd8 20.cxd5 Bxd5 21.Ne4 Bxe4
22.Bxe4 Rd2 23.Rxd2 Rxd2 24.Rf1 b5 25.Bc3 Rd7 26.Bc6 Rd3 27.Ba5 Ng6 28.Be4 Rd7
29.b4 Bb6 30.Bxb6 axb6 31.Bxg6 hxg6  1/2-1/2

[Event "CZE-chT"]
[Site "?"]
[Date "1994.??.??"]
[Round "?"]
[White "Streitberg, Petr"]
[Black "Styblo, Michal"]
[Result "0-1"]
[WhiteElo "2265"]
[BlackElo "2275"]

1.d4 d5 2.c4 e6 3.g3 Nf6 4.Bg2 Be7 5.Nf3 O-O 6.O-O c5 7.cxd5 exd5 8.Nc3 Nc6
9.b3 Ne4 10.Bb2 Bf6 11.e3 Bg4 12.Ne2 cxd4 13.Nfxd4 Nxd4 14.exd4 Ng5 15.f3 Bh3
16.Nf4 Bxg2 17.Kxg2 Re8 18.Qd2 Qd7 19.Rfe1 Ne6 20.Nd3 Ng5 21.Nf4 Ne6 22.Nd3 Rac8
23.Ne5 Bxe5 24.dxe5 d4 25.Rac1 Rxc1 26.Rxc1 Qd5 27.Re1 h6 28.Qd3 Qa5 29.Re2 Rd8
30.a3 Qd5 31.b4 a5 32.Kg1 Ng5 33.Kg2 axb4 34.axb4 b5 35.h4 Ne6 36.Kf2 Qc4
37.Qd2 Ra8 38.f4 Ra2 39.f5 d3 40.fxe6 fxe6 41.Re3 Qb3 42.Rxd3 Qxb2 43.Qxb2 Rxb2+
44.Kf3 Rxb4 45.Rd7 Rc4 46.h5 b4 47.Rb7 Rc3+ 48.Kf4 b3 49.g4 Kf8 50.Rb4 Ke8
51.g5 Kd7 52.g6 Kc6 53.Rb8 Kc5 54.Ke4 Rc4+ 55.Kd3 Rb4 56.Rc8+ Kd5  0-1

[Event "Duesseldorf"]
[Site "Duesseldorf"]
[Date "1994.??.??"]
[Round "4"]
[White "Donchenko, Anatoly G"]
[Black "Schiffer, Kai Uwe"]
[Result "1/2-1/2"]
[WhiteElo "2405"]
[BlackElo "2295"]

1.Nf3 Nf6 2.c4 e6 3.g3 d5 4.Bg2 Be7 5.d4 O-O 6.O-O dxc4 7.Na3 Bxa3 8.bxa3 Bd7
9.Ne5 Bc6 10.Nxc6 Nxc6 11.Bb2  1/2-1/2

[Event "RUS-ch"]
[Site "Elista"]
[Date "1994.??.??"]
[Round "2"]
[White "Shipov, Sergei"]
[Black "Kiriakov, Petr"]
[Result "1/2-1/2"]
[WhiteElo "2525"]
[BlackElo "2475"]

1.d4 Nf6 2.c4 e6 3.Nf3 d5 4.g3 Be7 5.Bg2 O-O 6.O-O dxc4 7.Qc2 a6 8.Qxc4 b5
9.Qc2 Bb7 10.Bg5 Nbd7 11.Bxf6 Nxf6 12.Nbd2 Rc8 13.Nb3 c5 14.dxc5 Bd5 15.Rfd1 Qc7
16.Rac1 Bxb3 17.Qxb3 Bxc5 18.e3 Qb6 19.Ne5 Rfd8 20.Rxd8+ Rxd8 21.Bf3 Nd5
22.Kg2 Ne7 23.Rc2  1/2-1/2

[Event "RUS-ch"]
[Site "Elista"]
[Date "1994.??.??"]
[Round "7"]
[White "Ulibin, Mikhail"]
[Black "Balashov, Yuri S"]
[Result "1-0"]
[WhiteElo "2510"]
[BlackElo "2505"]

1.d4 Nf6 2.c4 e6 3.g3 d5 4.Bg2 Be7 5.Nf3 O-O 6.O-O c5 7.cxd5 exd5 8.Nc3 Nc6
9.dxc5 Bxc5 10.Bg5 d4 11.Bxf6 Qxf6 12.Nd5 Qd8 13.Nd2 Re8 14.Re1 Bg4 15.Nb3 Bb6
16.Rc1 Qd7 17.Qd2 Rad8 18.Rc4 Ne5 19.Nxb6 axb6 20.Rxd4 Qe7 21.Rxd8 Rxd8 22.Qe3 Qf6
23.Nd2 Nc6 24.b3 Nd4 25.Ne4 Qe7 26.Nc3 Qxe3 27.fxe3 Nc2 28.Rc1 Nxe3 29.Bxb7 Be6
30.Kf2 Ng4+ 31.Kg2 Rb8 32.Bf3 Rc8 33.Bxg4 Bxg4 34.Rd1 Kf8 35.Rd3 b5 36.b4 Be6
37.a3 Ra8 38.Nd1 Bc4 39.Re3 f6 40.Kf2 Kf7 41.Rc3 Ra7 42.Nb2 Bd5 43.Nd3 Ke7
44.Nc5 h5 45.e4 Bf7 46.Ke3 g5 47.Kd4 Ra8 48.Nb7 Kd7 49.e5 fxe5+ 50.Kxe5 g4
51.Nd6 Ba2 52.Nxb5 Re8+ 53.Kf4 Re2 54.Rd3+ Kc8 55.Nd4 Rxh2 56.Rc3+ Kb7 57.Rc2 Rxc2
58.Nxc2 Kc6 59.Kg5 Bf7 60.Ne3 Kb5 61.Nf5 Ka4 62.Nd6  1-0